Advances in East Asian Agricultural Origins Studies: The Pleistocene to Holocene Transition (Record no. 33167)

MARC details
000 -LEADER
fixed length control field 01336nam a2200133Ia 4500
008 - FIXED-LENGTH DATA ELEMENTS--GENERAL INFORMATION
fixed length control field 220620s9999||||xx |||||||||||||| ||und||
020 ## - INTERNATIONAL STANDARD BOOK NUMBER
International Standard Book Number 9783040000000
245 #0 - TITLE STATEMENT
Title Advances in East Asian Agricultural Origins Studies: The Pleistocene to Holocene Transition
546 ## - LANGUAGE NOTE
Language note English[eng]
650 ## - SUBJECT ADDED ENTRY--TOPICAL TERM
Topical term or geographic name entry element microblade technology||broad spectrum revolution||Pleistocene to Holocene transition||origin of food production||hunter–gatherers||macroecology||Constructing Frames of Reference||palaeoenvironment||Hokkaido||terminal Pleistocene||initial Holocene||climate fluctuation||8.2 ka BP cooling event||transitional sites||Early Neolithic||adaptive strategy||North China||Paleolithic Taiwan||aquatic-focused foraging||Neolithic Taiwan||agricultural adoption||niche variation theory||invasion theory||prey choice model||complex hunting–gathering||Paleolithic–Neolithic transition||aquatic utilization||China||bronze age||hunter gatherers||interaction||irrigation system||Jomon people||Korean Peninsula||wet rice cultivation||dry-field farming||first farmers||Jomon||paddy rice farming||sedentarised hunter-gatherers||Yayoi||n/a||East Asia||origins of agriculture||paleolithic to Neolithic transition
700 ## - ADDED ENTRY--PERSONAL NAME
Personal name Yu, Pei-Lin||Kazunobu, Ikeya||Zhang, Meng
856 ## - ELECTRONIC LOCATION AND ACCESS
Uniform Resource Identifier <a href="https://mdpi.com/books/pdfview/book/5155">https://mdpi.com/books/pdfview/book/5155</a>
942 ## - ADDED ENTRY ELEMENTS (KOHA)
Koha item type E-Books
Holdings
Withdrawn status Lost status Damaged status Not for loan Home library Current library Date acquired Total Checkouts Date last seen Price effective from Koha item type
        Kerala University of Digital Sciences, Innovation and Technology Knowledge Centre Kerala University of Digital Sciences, Innovation and Technology Knowledge Centre 20/06/2022   20/06/2022 20/06/2022 E-Books